| 000 | 00854nam a2200217 a 4500 | ||
|---|---|---|---|
| 003 | 0 | ||
| 005 | 20250312135156.0 | ||
| 008 | 080728s19uu xx 00 eng d | ||
| 050 |
_aPGS GV 1469.3.P53 _b.L477 2008 |
||
| 100 | _aLee, Min Gyu. | ||
| 245 |
_aPlaying computer games and students' academic performance / _cMin Gyu Lee. |
||
| 260 |
_aLas PiƱas City, Philippines : _bSouthville International School and Colleges, _c2008. |
||
| 300 |
_a24 pages : _billustrations ; _c28 cm. |
||
| 504 | _aIncludes bibliographical references. | ||
| 650 |
_aVideo games _vPsychological aspects. |
||
| 650 |
_aVideo games _vSocial aspects. |
||
| 650 |
_aAcademic achievement _vInfluence of computer games. |
||
| 650 |
_aStudents _vEffect of video games on academic performance. |
||
| 650 |
_aEducational psychology _vImpact of gaming. |
||
| 942 |
_2lcc _cPASS |
||
| 999 |
_c97948 _d97948 |
||